LIBRARY & INFORMATION CENTRE, KCAET, TAVANUR

ONLINE PUBLIC ACCESS CATALOGUE (OPAC)

Elementary principles of statistics / (Record no. 10509)

MARC details
000 -LEADER
fixed length control field 00433cam a2200169ua 4500
041 ## - LANGUAGE CODE
Language code of text/sound track or separate title eng
082 ## - DEWEY DECIMAL CLASSIFICATION NUMBER
Classification number 519.5
Item number ROS/EL
100 ## - MAIN ENTRY--AUTHOR NAME
Personal name Rosander, A C .
245 ## - TITLE STATEMENT
Title Elementary principles of statistics /
260 ## - PUBLICATION, DISTRIBUTION, ETC. (IMPRINT)
Place of publication Toronto :
Name of publisher D Van nostrand co ,
Year of publication 1951.
300 ## - PHYSICAL DESCRIPTION
Number of Pages 693 :
Other physical details 506 ; .
942 ## - ADDED ENTRY ELEMENTS (KOHA)
Koha item type Books
Holdings
Withdrawn status Lost status Damaged status Home library Current library Date acquired Full call number Accession Number Koha item type
      KAUAET KAUAET 07/04/2012 519.5 ROS/EL 9215 Books
free website counter